THE DESIGN OF PHYSICS RESEARCH LABORATORIES (Record no. 569522)

000 -LEADER
fixed length control field 00264nam a22001097a 4500
082 ## - DEWEY DECIMAL CLASSIFICATION NUMBER
Classification number 542.1 DES,C
100 ## - MAIN ENTRY--PERSONAL NAME
Personal name CHAMPAN HALL
9 (RLIN) 59579
245 ## - TITLE STATEMENT
Title THE DESIGN OF PHYSICS RESEARCH LABORATORIES
260 ## - PUBLICATION, DISTRIBUTION, ETC.
Place of publication, distribution, etc. LONDON
Name of publisher, distributor, etc. CHAPMAN HALL
Date of publication, distribution, etc. 1959
300 ## - PHYSICAL DESCRIPTION
Extent 108P
942 ## - ADDED ENTRY ELEMENTS (KOHA)
Koha item type Book
Holdings
Withdrawn status Lost status Damaged status Not for loan Permanent Location Current Location Shelving location Date acquired Total Checkouts Full call number Barcode Date last seen Price effective from Koha item type
        College of Electrical & Mechanical Engineering (CEME) College of Electrical & Mechanical Engineering (CEME) General Stacks 07/18/2017   542.1 DES,C CEME-1601 06/28/2021 06/28/2021 Book
© 2023 Central Library, National University of Sciences and Technology. All Rights Reserved.